Applications of a high-tenacity rayon in the rubber and plastics industries (Record no. 54431)

MARC details
000 -LEADER
fixed length control field 00435nam a2200145Ia 4500
100 ## - MAIN ENTRY--AUTHOR NAME
Personal name Finlayson D
245 #0 - TITLE STATEMENT
Title Applications of a high-tenacity rayon in the rubber and plastics industries
260 ## - PUBLICATION, DISTRIBUTION, ETC. (IMPRINT)
Name of publisher Proceedings of the 2nd Rubber Technology Conference, London, 1948; p453-463
650 ## - SUBJECT ADDED ENTRY--TOPICAL TERM
Topical Term Plastics
650 ## - SUBJECT ADDED ENTRY--TOPICAL TERM
Topical Term Rayon
650 ## - SUBJECT ADDED ENTRY--TOPICAL TERM
Topical Term Rubber
700 ## - ADDED ENTRY--PERSONAL NAME
Personal name Jackson T
942 ## - ADDED ENTRY ELEMENTS (KOHA)
Koha item type Journals
Holdings
Withdrawn status Lost status Damaged status Not for loan Home library Current library Shelving location Date acquired Koha item type
      Journals RRII Library RRII Library Rubber chemistry 17/12/2021 Journals